000 00495cam a22001812 4500
001 0000008860
005 20151217160118.0
008 080612s xx 000 0 eng d
020 _a052166893x :
_cKES 170
040 _aKABU
_cKABU
100 1 _aKitunga, Demere.
_@0000159632
245 1 0 _aGodoro la ajabu /
_cDemere Kitunga.
260 _aCambridge :
_bC. U. P.,
_c1999.
300 _a16 p.
908 _a080612
950 _@1
999 _c14435
_d14435